| 000 | 00936nam a22002537a 4500 | ||
|---|---|---|---|
| 999 |
_c14459 _d14459 |
||
| 003 | AR-CdUCM | ||
| 008 | 190423b ||||| |||| 00| 0 spa d | ||
| 020 | _a978-987-1208-88-3 | ||
| 040 |
_aMUNICIPALIDAD PROVINCIAL DEL CUSCO _cBIBLIOTECA MUNICIPAL DEL CUSCO |
||
| 041 | _heng | ||
| 082 |
_aES / 803 / _bD11 |
||
| 100 |
_aDahl, Michael _933249 |
||
| 245 | _aLo que cayó del cielo / | ||
| 260 |
_aBuenos Aires : _bLatinbooks, _c2016. |
||
| 300 |
_a106 páginas ; _bIlustraciones, _c20 cm. |
||
| 440 |
_aTroll Hunters, Cazadores de trolls _n1 _933250 |
||
| 505 | _aContenido: El lobo feroz -- Impacto -- La cuarta estrella -- Sangre y luz de estrellas -- Escapando del lobo -- Sombras escalofriantes ... | ||
| 650 |
_aNarración infantil _933251 |
||
| 650 |
_aCuentos estadounidense _933252 |
||
| 650 |
_aSiglo XXI _92856 |
||
| 700 |
_aSabato, Juan Cruz de (traductor) _933253 |
||
| 942 |
_2ddc _cLIBROS |
||
| 945 |
_acmm _d2019-04-23 |
||